10 Closest Capitals to Santiago Quiz Stats

 Plays Quiz Updated Aug 16, 2018

Challenge
Share
Tweet
Embed
Score 0/10 Timer 02:00
2 Plays Today
Capital % Correct
Buenos Aires, Argentina
94.6%
Brasília, Brazil
94%
Lima, Peru
92%
Montevideo, Uruguay
86.5%
Bogotá, Colombia
85%
La Paz, Bolivia
84.7%
Quito, Ecuador
84.3%
Asunción, Paraguay
76%
Georgetown, Guyana
58.9%
Paramaribo, Suriname
50.7%

You're not logged in!

Compare scores with friends on all Sporcle quizzes.
OR
Log In

You Might Also Like...

Show Comments

Extras

Top Quizzes Today


Score Distribution

Your Account Isn't Verified!

In order to create a playlist on Sporcle, you need to verify the email address you used during registration. Go to your Sporcle Settings to finish the process.

Report this User

Report this user for behavior that violates our Community Guidelines.

Details: